000 01125cam a22002771i 4500
003 SA-RiAUC
005 20251030122308.0
008 250924s2008 le g b 00010 ara c
040 _aKW-KcNLK
_bara
_cSA-RiAUC.
_erda
082 0 4 _a214.362296
_qSA-RiAUC
090 _a214.362296
_bس ع د
100 1 _aسعد، قاسم علي،
_d1959-
_eمؤلف.
245 1 0 _aدخان التبغ :
_bحقيقته وتاريخه /
_cتأليف قاسم علي سعد.
250 _aالطبعة الأولى.
264 1 _aبيروت :
_bدار البشائر الإسلامية للطباعة والنشر والتوزيع،
_c2008
300 _a78 صفحة ؛
_c20 × 17 سم
336 _aنص
_btxt
_2rdacontent
_3كتاب
337 _aبدون وسيط
_bn
_2rdamedia
338 _aمجلد
_bnc
_2rdacarrier
504 _aيشتمل على إرجاعات ببليوجرافية.
504 _aببليوجرافية : صفحة 67-76.
650 7 _aالتدخين (فقه إسلامي)
_2aucsh
650 7 _aالتدخين
_xجوانب صحية
_2aucsh
942 _2ddc
_cBOOK
_n0
949 _aSA-JeALM
_d250924
_umohamedma123
_n1
999 _c12827
_d12827